000 00749nas a2200253 4500
001 BR6007979
003 BR-BrBNA
005 20231205082044.0
007 ta
008 230509b bl.|||p| |||| 00| 00por d
040 _aBR-BrBNA
_bpor
_cBiblioteca Nacional de Agricultura
041 _a(Pt)
072 _aF25
100 1 _aPons, A.L.
245 1 _aEfeito da calagem e da adubacao nitrogenada em feijoeiro [Phaseolus vulgaris; Brasil]
650 _aFEIJAO
650 _aFERTILIZANTE NITROGENADO
650 _aADUBACAO
650 _aCALAGEM
650 _aCALCARIO
773 0 _tAgronomia Sulriograndense (Brazil)
_xISSN 0400-8111
_g(1975), v. 11(2) p. 251-257
_wBR6007979
909 _a202311
_bLúcia
_c55
_dLúcia Elande
942 _2AGRIS
_n0
_cANA
999 _c88867
_d88867